| 000 | 01980nam a2200433 c 4500 | ||
|---|---|---|---|
| 003 | BLK | ||
| 005 | 20240712135844.0 | ||
| 008 | 180408b bul|||||r ||||||| ||bul|| | ||
| 010 | _aKNG00035798000 | ||
| 020 |
_a954-474-241-7 _bиздат.: Кибеа |
||
| 040 | _aBLK | ||
| 041 |
_aBUL _cBUL |
||
| 080 |
_aБългарска литература _b821.163.2 _x(092)(035) _z821.163.2(092)(035) |
||
| 080 |
_aБиографии _b929 _x(497.2) _z929(497.2) |
||
| 700 | 1 |
_aИгов, Светлозар Атанасов _d1945-2023 _gФилолог, славянска филология (1966). Литературен критик, историк. Поет, белетрист. Преводач от сърбохърватски език _972055 |
|
| 139 |
_aИгов, Светлозар Атанасов _bИ 29 |
||
| 245 | 1 | 0 |
_aБългарски писатели _bПоети, прозаици, драматурзи, критици _cтекст Светлозар Атанасов Игов. |
| 257 | _aBGR | ||
| 260 |
_аСофия _bКибеа _c2001 _fОтпеч. в Словакия |
||
| 300 |
_a88 с. _bс ил. _c32 см |
||
| 380 | _a82 | ||
| 490 | 1 | _aСерия Наследство | |
| 500 | _aАвт. не е отбел. на кор. - Съдържа и За книгата ; За автора. | ||
| 650 | 0 |
_aПисатели, български _9241944 |
|
| 650 | 4 |
_aПоети, български _9241945 |
|
| 650 | 4 |
_aДраматурзи, български _9246434 |
|
| 650 | 4 |
_aЛитературни историци и критици, български _9242486 |
|
| 651 | 4 |
_aБългария _9241624 |
|
| 653 | _aбългарски писатели | ||
| 653 | _aкритици | ||
| 653 | _aбългарски поети | ||
| 653 | _aдраматурзи | ||
| 852 | _aЦб ІІ 11199 | ||
| 856 | 4 |
_qpdf _u |
|
| 856 | 4 |
_qpdf _u |
|
| 942 |
_cKNG _n0 _010 |
||
| 944 |
_aCR _c04.04.2003 _k30564 _lГалина Якимова |
||
| 944 |
_aED _c13.10.2008 _k |
||
| 999 |
_c33111 _d33111 |
||